000 00991nam a2200229Ia 4500
003 Ost
005 20260416102351.0
008 260416s9999||||xx |||||||||||||| ||und||
040 _cfsecg
041 _aara
082 _a330.015195
100 _aبلمهدي، طارق
_eمؤلف
245 0 _aأساسيات ومبادئ القياس الإقتصادي /
_c طارق بلمهدي
260 _aالجزائر
_bجامعة الجزائر3: كلية العلوم الإقتصادية، العلوم التجارية وعلوم التسيير
_c2016
300 _a101 ورقة
_bايضاحات
_c30 سم
520 _aعدم تجانس بيانات الأخطاء، المعادلات الآنية
653 _aالاقتصاد
653 _aالاقتصاد القياسي
653 _aالقياس
710 _aجامعة الجزائر3: كلية العلوم الإقتصادية، العلوم التجارية وعلوم التسيير
_eناشر علمي
942 _cHANDOUT
999 _c41008
_d41008